| 000 | 00421nam a2200145 i 4500 | ||
|---|---|---|---|
| 001 | 52071 | ||
| 003 | ES-MaACL | ||
| 007 | t| | ||
| 008 | 030825s1949 ag ||||1| spa d | ||
| 100 | 1 |
_aCholvis, Francisco. _938601 |
|
| 245 | 1 | 0 |
_aAnálisis de Estados económicos y financieros / _cFrancisco Cholvis. |
| 260 |
_aBuenos Aires : _bEl Ateneo, _c[1949] |
||
| 300 |
_a2 t. ; _c23 cm. |
||
| 852 |
_aES-MaACL _jE-2380-1 _bR.36986 |
||
| 999 |
_c52071 _d52071 |
||